000 00291nam a22001217a 4500
003 OSt
008 231011b |||||||| |||| 00| 0 eng d
041 _aeng
082 _a894.8121
_bYOG
245 _aPattukal Vol.1
260 _aThrissur
_bYogkshemam company, Thrishivaperur
_c1927
942 _cBK
999 _c17736
_d17736